[Event "ECC"]
[Site "Halkidiki GRE"]
[Date "2002.09.22"]
[Round "1"]
[White "Pedersen,F"]
[Black "Conquest,S"]
[Result "0-1"]
[WhiteElo "2266"]
[BlackElo "2542"]
[EventDate "2002.09.22"]

1. d4 Nf6 2. Nf3 d6 3. e3 g6 4. Be2 Bg7 5. O-O O-O 6. b3 b6 7. Bb2 Bb7 8.
c4 Nbd7 9. Nc3 e6 10. Qc2 d5 11. cxd5 exd5 12. Nb5 Ne8 13. Ba3 c5 14. dxc5
bxc5 15. Bb2 Qb6 16. Rfd1 Rc8 17. Rac1 f5 18. Bxg7 Kxg7 19. Qb2+ Kg8 20.
Qa3 a5 21. Nc3 Nef6 22. Qa4 Rfd8 23. Qh4 Kg7 24. Ng5 h6 25. Nh3 Qe6 26. Qa4
g5 27. Qxa5 f4 28. Re1 fxe3 29. fxe3 Qxe3+ 30. Nf2 Qf4 31. Nb1 Ra8 32. Qc3
Rxa2 33. Nh3 Qd6 34. Nd2 Re8 35. Bf1 Ne5 36. Ra1 d4 37. Qc1 Neg4 38. g3 Qc6
39. Nf2 Rxa1 40. Qxa1 Nxf2 41. Rxe8 Nh3+ 42. Bxh3 Qh1+ 43. Kf2 Qxa1 0-1

[Event "ECC"]
[Site "Halkidiki GRE"]
[Date "2002.09.22"]
[Round "1"]
[White "Apicella,M"]
[Black "Rasmussen,C"]
[Result "1/2-1/2"]
[WhiteElo "2510"]
[BlackElo "2304"]
[EventDate "2002.09.22"]

1. e4 c5 2. Nf3 e6 3. d4 cxd4 4. Nxd4 a6 5. Bd3 Nf6 6. O-O Qc7 7. c4 Bc5 8.
Nb3 Be7 9. Nc3 b6 10. Qe2 d6 11. Bf4 Nbd7 12. Rac1 Bb7 13. Qe3 O-O 14. h3
Rac8 15. Rfd1 Rfd8 16. Be2 Qb8 17. Rd2 e5 18. Bg5 Nc5 19. Nxc5 dxc5 20. Nd5
Bxd5 21. exd5 h6 22. f4 hxg5 23. fxe5 Re8 24. exf6 Bxf6 25. Qf3 Bd4+ 26.
Kh1 Qf4 27. Rf1 Be5 28. g3 Qxd2 29. Qxf7+ Kh8 30. Qh5+ Kg8 31. Qf7+ 1/2-1/2

[Event "ECC"]
[Site "Halkidiki GRE"]
[Date "2002.09.22"]
[Round "1"]
[White "Rewitz,P"]
[Black "Moingt,JC"]
[Result "0-1"]
[WhiteElo "2286"]
[BlackElo "2284"]
[EventDate "2002.09.22"]

1. e4 c5 2. Nf3 Nc6 3. d4 cxd4 4. Nxd4 g6 5. Nc3 Bg7 6. Be3 Nf6 7. Nxc6
bxc6 8. e5 Nd5 9. Nxd5 cxd5 10. Qxd5 Rb8 11. O-O-O Qc7 12. f4 O-O 13. Qc5
Qb7 14. b3 d6 15. Qxa7 Qxa7 16. Bxa7 Ra8 17. Bd4 Bg4 18. Re1 Rxa2 19. Kb1
Rfa8 20. Bd3 R2a5 21. Bb2 Be6 22. Be4 R8a6 23. exd6 Ra1+ 0-1

[Event "ECC"]
[Site "Halkidiki GRE"]
[Date "2002.09.22"]
[Round "1"]
[White "Efimenko,Z"]
[Black "Vanderstricht,G"]
[Result "1-0"]
[WhiteElo "2557"]
[BlackElo "2404"]
[EventDate "2002.09.22"]

1. e4 c5 2. Nf3 d6 3. d4 cxd4 4. Nxd4 Nf6 5. Nc3 a6 6. Be2 e5 7. Nb3 Be7 8.
O-O O-O 9. Kh1 b5 10. a4 Bb7 11. Nd5 Nxd5 12. exd5 Nd7 13. axb5 axb5 14.
Bxb5 Rxa1 15. Nxa1 Qa8 16. Bxd7 Qxa1 17. c4 Ra8 18. Qb3 Rb8 19. Kg1 Qa8 20.
Qc3 Bf6 21. b4 Qa2 22. Be3 Ra8 23. Bc6 Ra3 24. Qc1 Bc8 25. b5 e4 26. c5 Be5
27. cxd6 Bxd6 28. Bc5 Bxc5 29. Qxc5 h6 30. d6 e3 31. fxe3 Rd3 32. Be4 1-0

[Event "ECC"]
[Site "Halkidiki GRE"]
[Date "2002.09.22"]
[Round "1"]
[White "Filipek,J"]
[Black "Miroshnichenko,E"]
[Result "1-0"]
[WhiteElo "2373"]
[BlackElo "2525"]
[EventDate "2002.09.22"]

1. e4 c5 2. Nf3 d6 3. d4 cxd4 4. Nxd4 Nf6 5. Nc3 a6 6. Bg5 Nbd7 7. Bc4 h6
8. Bh4 Ne5 9. Bb3 g5 10. Bg3 e6 11. Qe2 Bd7 12. O-O-O b5 13. h4 g4 14. f4
gxf3 15. Nxf3 b4 16. Nxe5 dxe5 17. Bxe5 bxc3 18. Rhf1 Bg7 19. Qf3 cxb2+ 20.
Bxb2 O-O 21. Bxf6 Qxf6 22. Qxf6 Bxf6 23. Rxf6 Bc6 24. e5 Kg7 25. Rd2 h5 26.
g4 Rh8 27. g5 Rhd8 28. Rdf2 Ra7 29. g6 fxg6 30. Rxe6 Be8 31. Rb6 a5 32. a4
Rc8 33. e6 Rc5 34. Rb8 Re7 35. Rd2 g5 36. Rdd8 Bg6 37. hxg5 Rxg5 38. Rd7
Kf6 39. Rf8+ Kg7 40. Rf1 1-0

[Event "ECC"]
[Site "Halkidiki GRE"]
[Date "2002.09.22"]
[Round "1"]
[White "Areshchenko,A"]
[Black "Boeykens,M"]
[Result "1-0"]
[WhiteElo "2533"]
[BlackElo "2240"]
[EventDate "2002.09.22"]

1. e4 c5 2. Nf3 d6 3. d4 cxd4 4. Nxd4 Nf6 5. Nc3 g6 6. Bc4 Bg7 7. Bb3 O-O
8. f3 Nc6 9. Be3 Bd7 10. Qd2 Qa5 11. O-O-O Rfc8 12. Kb1 Ne5 13. g4 b5 14.
g5 b4 15. Nce2 Ne8 16. h4 Nc4 17. Bxc4 Rxc4 18. h5 Rac8 19. hxg6 hxg6 20.
Nf4 e5 21. Nb3 Qb5 22. Nd5 Rxc2 23. Qxc2 Rxc2 24. Kxc2 Qe2+ 25. Nd2 Bb5 26.
Rhe1 Qd3+ 27. Kc1 a5 28. b3 f5 29. Nb1 fxe4 30. Rxd3 1-0

[Event "ECC"]
[Site "Halkidiki GRE"]
[Date "2002.09.22"]
[Round "1"]
[White "Dardha,A"]
[Black "Korobov,A"]
[Result "1/2-1/2"]
[WhiteElo "2245"]
[BlackElo "2534"]
[EventDate "2002.09.22"]

1. e4 e5 2. d4 exd4 3. Qxd4 Nc6 4. Qe3 g6 5. Nc3 Bg7 6. Bc4 d6 7. Bd2 Nf6
8. O-O-O O-O 9. h4 Re8 10. Nh3 Na5 11. Bd3 d5 12. Nxd5 Nxd5 13. Qg5 Qf6 14.
Qxf6 Nxf6 15. Bxa5 b6 16. Be1 Bxh3 17. Rxh3 Nxe4 18. Bb5 Re6 19. Rhd3 h5
20. Rd7 Nd6 21. Bc6 1/2-1/2

[Event "ECC"]
[Site "Halkidiki GRE"]
[Date "2002.09.22"]
[Round "1"]
[White "Eingorn,V"]
[Black "Maki,V"]
[Result "1-0"]
[WhiteElo "2604"]
[BlackElo "2384"]
[EventDate "2002.09.22"]

1. Nf3 Nf6 2. c4 g6 3. b3 Bg7 4. Bb2 O-O 5. g3 d6 6. Bg2 e5 7. O-O Re8 8.
Nc3 c6 9. e3 Qe7 10. d3 Na6 11. Rc1 Bf5 12. e4 Bg4 13. h3 Bxf3 14. Bxf3 Nc5
15. Ne2 h5 16. Rc2 a5 17. Bc1 h4 18. Bg2 Nh5 19. g4 Nf4 20. Nxf4 exf4 21.
Bxf4 Ne6 22. Be3 Bd4 23. Bxd4 Nxd4 24. Rd2 g5 25. f4 f6 26. Rdf2 Rf8 27.
Qd2 a4 28. fxg5 fxg5 29. Rxf8+ Rxf8 30. Rxf8+ Qxf8 31. Qxg5+ Qg7 32. Qxg7+
Kxg7 33. bxa4 Kf6 34. a5 Kg5 35. e5 dxe5 36. Kf2 Kf4 37. Be4 Ne6 38. Bf5
Nc5 39. Ke2 1-0

[Event "ECC"]
[Site "Halkidiki GRE"]
[Date "2002.09.22"]
[Round "1"]
[White "Nyysti,S"]
[Black "Kruppa,Y"]
[Result "0-1"]
[WhiteElo "2297"]
[BlackElo "2544"]
[EventDate "2002.09.22"]

1. e4 e6 2. d3 d5 3. Qe2 Nf6 4. Nf3 Be7 5. g3 dxe4 6. dxe4 b6 7. Bg2 Ba6 8.
c4 Bb7 9. e5 Nfd7 10. O-O O-O 11. Nc3 a5 12. h4 Nc5 13. Rd1 Qe8 14. Bf4
Nba6 15. h5 h6 16. Nd4 Bxg2 17. Kxg2 Rd8 18. Rd2 Rd7 19. Qf3 f6 20. Qg4 f5
21. Qf3 Bg5 22. Rad1 Bxf4 23. gxf4 g5 24. hxg6 Rg7 25. Kf1 Qxg6 26. Nc6 Kh7
27. Ke2 Ne4 28. Rd7 Rff7 29. Rxf7 Rxf7 30. Nb5 Rg7 31. Rd8 Qg1 32. Rd1 Qh2
33. Rh1 Ng3+ 0-1

[Event "ECC"]
[Site "Halkidiki GRE"]
[Date "2002.09.22"]
[Round "1"]
[White "Savchenko,S"]
[Black "Lehtinen,H"]
[Result "1/2-1/2"]
[WhiteElo "2537"]
[BlackElo "2338"]
[EventDate "2002.09.22"]

1. d4 d6 2. Nf3 g6 3. c4 Bg7 4. Nc3 e5 5. dxe5 dxe5 6. Qxd8+ Kxd8 7. Bd2
Be6 8. O-O-O Nd7 9. Ng5 Bxc4 10. e4 Bxf1 11. Rhxf1 Nh6 12. f4 c6 13. fxe5
Ke7 14. Nf3 Ng4 15. Bg5+ Ke8 16. e6 fxe6 17. Rd6 Nf8 18. e5 Nxe5 19. Nxe5
Bxe5 20. Ne4 h6 21. Be3 Bxd6 22. Nxd6+ Ke7 23. Bc5 Nd7 24. Rf7+ Kd8 25. Ne4
g5 26. Be7+ Kc8 27. Bd6 a5 28. Be5 Rf8 29. Nd6+ Kc7 30. Nc4+ Kd8 31. Bf6+
Kc7 32. Be5+ Kd8 33. Bf6+ Kc7 1/2-1/2

[Event "ECC"]
[Site "Halkidiki GRE"]
[Date "2002.09.22"]
[Round "1"]
[White "Kuzmin,G"]
[Black "Mertanen,J"]
[Result "1-0"]
[WhiteElo "2512"]
[BlackElo "2241"]
[EventDate "2002.09.22"]

1. e4 Nf6 2. e5 Nd5 3. d4 d6 4. Nf3 Bg4 5. Be2 c6 6. O-O Bxf3 7. Bxf3 dxe5
8. dxe5 e6 9. Nd2 Nd7 10. Re1 Qc7 11. Nc4 Be7 12. Nd6+ Kf8 13. Bxd5 cxd5
14. Bf4 Qb6 15. c4 Nxe5 16. c5 Qxc5 17. Nxb7 Qb6 18. Bxe5 Qxb7 19. Rc1 f6
20. Rc7 Qa6 21. Bd4 Rc8 22. Rxa7 Qd6 23. a3 Kf7 24. Qh5+ g6 25. Qf3 Rc7 26.
Rxc7 Qxc7 27. g4 Qc2 28. Kg2 Qd2 29. Bc3 Qg5 30. h4 Qxh4 31. Qe2 e5 32. Rh1
1-0

[Event "ECC"]
[Site "Halkidiki GRE"]
[Date "2002.09.22"]
[Round "1"]
[White "Huzman,A"]
[Black "Ferguson,M"]
[Result "1/2-1/2"]
[WhiteElo "2591"]
[BlackElo "2378"]
[EventDate "2002.09.22"]

1. Nf3 Nf6 2. c4 c6 3. Nc3 d5 4. e3 g6 5. d4 Bg7 6. Be2 O-O 7. O-O Be6 8.
cxd5 cxd5 9. Qb3 Qb6 10. Qa3 Nc6 11. Bd2 Bg4 12. Rfc1 Rfc8 13. h3 Bxf3 14.
Bxf3 Qd8 15. Be1 e6 16. Na4 Bf8 17. Qb3 Rab8 18. Nc5 Nd7 19. Nd3 Qb6 20.
Qa4 Qd8 21. Rc3 Nb6 22. Qd1 Bd6 23. Rac1 Qe7 24. Nc5 Nd8 25. Be2 Rc7 26. b4
Rbc8 27. Qb3 h5 28. f4 Na8 29. a4 b6 30. Nd3 Rxc3 31. Rxc3 Rxc3 32. Qxc3
Qc7 33. b5 Qxc3 34. Bxc3 Kf8 35. Ne5 Nc7 36. Bd3 Kg7 37. Be1 Be7 38. Kf1
Ne8 39. a5 Nc7 40. Nd7 Na8 41. Ne5 Nc7 42. Ke2 Na8 43. Kd1 Nc7 44. Kc2 Na8
45. Kb3 Nc7 46. Ka4 f5 47. Be2 Na8 48. g4 hxg4 49. hxg4 Kh6 50. Kb3 Nc7 51.
Ka4 Na8 52. Bg3 Nc7 53. Nc6 Nb7 54. a6 Nd6 55. Ne5 Nc8 56. Nc6 Ne8 57. Be1
Nc7 58. Kb3 Ne8 59. Kc2 Nc7 60. gxf5 gxf5 61. Kd1 Ne8 62. Bd3 Nc7 63. Ke2
Ne8 64. Kf3 Nc7 65. Kg3 Ne8 66. Kg2 Nc7 67. Be2 Ne8 68. Kh3 Nc7 1/2-1/2

[Event "ECC"]
[Site "Halkidiki GRE"]
[Date "2002.09.22"]
[Round "1"]
[White "Roiz,M"]
[Black "Sands,D"]
[Result "1/2-1/2"]
[WhiteElo "2507"]
[BlackElo "2246"]
[EventDate "2002.09.22"]

1. Nf3 Nf6 2. c4 g6 3. Nc3 Bg7 4. e4 c5 5. d4 cxd4 6. Nxd4 O-O 7. Be2 Nc6
8. Be3 b6 9. O-O Bb7 10. Nxc6 Bxc6 11. f3 Qb8 12. Qd2 Rd8 13. Rfd1 d6 14.
b4 Rd7 15. Bf1 e6 16. Bd4 Qf8 17. Qe1 Rad8 18. a4 Ne8 19. Ne2 Qe7 20. a5
Rb8 21. axb6 Bxd4+ 22. Nxd4 Rxb6 23. Ra5 Rc7 24. Rda1 Nf6 25. Qd2 Be8 26.
Nc2 Kg7 27. Qd4 e5 28. Qd2 h5 29. Ne3 Rbb7 30. Rd1 Rb6 31. Nd5 Nxd5 32.
Rxd5 Ba4 33. Ra1 Bd7 34. Rd1 Be6 35. Rxd6 Rxd6 36. Qxd6 Qxd6 37. Rxd6 Bxc4
1/2-1/2

[Event "ECC"]
[Site "Halkidiki GRE"]
[Date "2002.09.22"]
[Round "1"]
[White "Taylor,P"]
[Black "Golod,V"]
[Result "1/2-1/2"]
[WhiteElo "2224"]
[BlackElo "2538"]
[EventDate "2002.09.22"]

1. c4 g6 2. g3 Bg7 3. Bg2 e5 4. Nc3 d6 5. e4 Nc6 6. Nge2 h5 7. h4 Nh6 8. d3
O-O 9. Nd5 Ne7 10. Nf6+ Bxf6 11. Bxh6 Re8 12. O-O c6 13. Rb1 d5 14. exd5
cxd5 15. Nc3 Nf5 16. Bg5 Bxg5 17. hxg5 Qxg5 18. Nxd5 Qd8 19. Qa4 Re6 20.
Rfe1 Bd7 21. Qb4 Bc6 22. Qc3 Qd6 23. c5 Qb8 24. b4 Nd4 25. f4 Qd8 26. fxe5
Bxd5 27. Qxd4 Bxg2 28. Qxd8+ Rxd8 29. Kxg2 Rxd3 30. Rbd1 Ra3 31. Re2 b6 32.
Rc2 bxc5 33. bxc5 Rc6 34. Rd6 Rc7 35. c6 Kf8 36. e6 fxe6 37. Rxe6 Kg7 38.
Rd6 Kh6 39. Rd7 Rxd7 40. cxd7 Rd3 41. Rc7 a5 42. Ra7 a4 43. Kf2 Kg5 44. Ke2
Rd6 45. Ke3 Kf5 46. Ra5+ Ke6 47. Rxa4 Rxd7 48. Kf4 Kf6 49. Ra6+ Kg7 50. Kf3
Rd2 51. Ke3 Rb2 52. Kf3 Kh6 53. Ra5 Rc2 54. Ke3 Kg7 55. Ra6 Kh6 56. Ra5 Rc6
57. Kf3 g5 58. Kf2 Kg6 59. Kg2 Rc2+ 60. Kg1 Kf6 61. Kf1 Rd2 62. Kg1 Re2 63.
Kf1 Re5 64. Rxe5 Kxe5 65. Ke2 Kd4 66. Kf3 Kd3 67. a4 Kc4 68. Ke4 Kb4 69.
Kf5 h4 70. gxh4 gxh4 71. Kg4 Kxa4 72. Kxh4 1/2-1/2

[Event "ECC"]
[Site "Halkidiki GRE"]
[Date "2002.09.22"]
[Round "1"]
[White "Vydeslaver,A"]
[Black "Tucker,A"]
[Result "1-0"]
[WhiteElo "2430"]
[BlackElo "2199"]
[EventDate "2002.09.22"]

1. e4 e5 2. Nf3 Nc6 3. Nc3 Nf6 4. d4 exd4 5. Nxd4 Bb4 6. Nxc6 bxc6 7. Bd3
d5 8. exd5 cxd5 9. O-O O-O 10. Bg5 c6 11. Qf3 Be7 12. Rfe1 Re8 13. h3 h6
14. Bh4 Rb8 15. Rab1 Rb4 16. Bg3 Bd6 17. Bxd6 Rxe1+ 18. Rxe1 Qxd6 19. b3
Be6 20. Na4 c5 21. c3 Rb8 22. Qe3 d4 23. Qe5 Qxe5 24. Rxe5 Nd7 25. Re1 dxc3
26. Nxc3 Nb6 27. Nb5 c4 28. bxc4 Nxc4 29. Rxe6 fxe6 30. Bxc4 a5 31. Bxe6+
Kf8 32. Nd4 Rb1+ 33. Kh2 Ke7 34. Bb3 Kd6 35. Nf5+ Kc5 36. Nxg7 Kb4 37. f4
a4 38. Be6 a3 39. f5 Rf1 40. Nh5 Kc3 41. Ng3 Re1 42. f6 1-0

[Event "ECC"]
[Site "Halkidiki GRE"]
[Date "2002.09.22"]
[Round "1"]
[White "Romanishin,O"]
[Black "Kiik,K"]
[Result "1/2-1/2"]
[WhiteElo "2559"]
[BlackElo "2450"]
[EventDate "2002.09.22"]

1. Nf3 c5 2. g3 Nc6 3. Bg2 g6 4. c3 Bg7 5. d4 cxd4 6. cxd4 d5 7. Nc3 Nf6 8.
Ne5 O-O 9. O-O e6 10. Nxc6 bxc6 11. Bf4 Nd7 12. Qd2 Re8 13. Rac1 Ba6 14.
Rfd1 Rc8 15. Bg5 Qa5 16. e4 Nb6 17. b3 c5 18. dxc5 Rxc5 19. Nb1 Qxd2 20.
Bxd2 1/2-1/2

[Event "ECC"]
[Site "Halkidiki GRE"]
[Date "2002.09.22"]
[Round "1"]
[White "Gritsak,O"]
[Black "Lampen,T"]
[Result "1/2-1/2"]
[WhiteElo "2542"]
[BlackElo "2315"]
[EventDate "2002.09.22"]

1. Nf3 d5 2. d4 c6 3. Bf4 Nf6 4. e3 Qb6 5. b3 Bg4 6. Be2 Nbd7 7. h3 Bh5 8.
O-O e6 9. c4 Be7 10. Nbd2 O-O 11. c5 Qd8 12. b4 h6 13. b5 cxb5 14. Bxb5 Ne4
15. Qb3 Nxd2 16. Nxd2 Bg6 17. Rfc1 e5 18. Qxd5 exf4 19. Qxd7 fxe3 20. fxe3
Bg5 21. Nf1 Qa5 22. Bc4 Be4 23. h4 Bf6 24. Qg4 Rfe8 25. Ng3 Qd2 26. Nxe4
Qxe3+ 27. Nf2 Bxd4 28. Qf5 Bxa1 29. Rxa1 Re5 30. Qxf7+ Kh8 31. Bd3 Qg3 32.
Rf1 Rxc5 33. Ne4 Qe3+ 34. Kh2 Qxd3 35. Nxc5 Qd6+ 36. g3 Qxc5 37. Qxb7 Re8
38. Qf3 Qe7 39. Rf2 Qe5 1/2-1/2

[Event "ECC"]
[Site "Halkidiki GRE"]
[Date "2002.09.22"]
[Round "1"]
[White "Lahtinen,M"]
[Black "Maksimenko,A"]
[Result "0-1"]
[WhiteElo "2287"]
[BlackElo "2523"]
[EventDate "2002.09.22"]

1. e4 c5 2. Nf3 e6 3. d4 cxd4 4. Nxd4 Nf6 5. Nc3 d6 6. f4 a6 7. Qf3 Qb6 8.
Nb3 Qc7 9. a4 b6 10. Bd3 Bb7 11. O-O Nbd7 12. Bd2 Be7 13. Rae1 h5 14. Qe2
g6 15. Nd1 Qc6 16. Nf2 O-O 17. Nd4 Qc5 18. Nf3 d5 19. b4 Qc8 20. e5 Ne8 21.
Nd4 Ng7 22. h3 a5 23. c3 axb4 24. cxb4 Rxa4 25. Rb1 Ra2 26. Rfc1 Qd8 27. g4
Bh4 28. Nd1 hxg4 29. Nc3 Rxd2 30. Qxd2 gxh3 31. Kh2 f6 32. Rf1 fxe5 33.
fxe5 Nxe5 34. Kxh3 Bg5 35. Rxf8+ Kxf8 36. Rf1+ Kg8 37. Qe2 Nxd3 38. Qxd3 e5
39. Qxg6 exd4 40. Rf7 Bc8+ 41. Kg2 Bh6 0-1

[Event "ECC"]
[Site "Halkidiki GRE"]
[Date "2002.09.22"]
[Round "1"]
[White "Kozakov,M"]
[Black "Nivala,T"]
[Result "1-0"]
[WhiteElo "2450"]
[BlackElo "2218"]
[EventDate "2002.09.22"]

1. e4 e6 2. d4 d5 3. Nd2 Nf6 4. e5 Nfd7 5. Bd3 c5 6. c3 b6 7. Ne2 Ba6 8.
Bb1 Nc6 9. Nf3 Bxe2 10. Qxe2 cxd4 11. cxd4 Bb4+ 12. Bd2 Qe7 13. O-O Bxd2
14. Qxd2 Qb4 15. Qxb4 Nxb4 16. Rc1 a5 17. a3 Na6 18. Bd3 Ke7 19. Rc6 Ra7
20. Rac1 h6 21. Nd2 Nab8 22. R6c2 g5 23. g3 f6 24. f4 gxf4 25. gxf4 Rg8+
26. Kf2 fxe5 27. fxe5 Na6 28. Nf3 Rg4 29. Rc8 Rf4 30. Rh8 Rc7 31. Rg1 Nab8
32. Rg7+ Rf7 33. Bg6 Rc2+ 34. Ke3 1-0

[Event "ECC"]
[Site "Halkidiki GRE"]
[Date "2002.09.22"]
[Round "1"]
[White "Saastamoinen,A"]
[Black "Firman,N"]
[Result "0-1"]
[WhiteElo "2172"]
[BlackElo "2494"]
[EventDate "2002.09.22"]

1. e4 d6 2. d4 Nf6 3. Nc3 g6 4. f4 Bg7 5. Nf3 Na6 6. Be2 O-O 7. O-O c5 8.
d5 Nc7 9. a4 a6 10. Re1 Rb8 11. a5 b5 12. axb6 Rxb6 13. Nd2 Nb5 14. Na4 Rb8
15. c3 e6 16. dxe6 Bxe6 17. Bf3 Qc8 18. Nf1 Bg4 19. Bd2 Re8 20. Bxg4 Nxg4
21. Qf3 Nf6 22. h3 Rb7 23. Ng3 Rbe7 24. Nb6 Qb7 25. Nc4 Nxe4 26. f5 d5 27.
Nxe4 Rxe4 28. f6 Bf8 29. Rxe4 dxe4 30. Qf2 Qd5 31. Ne3 Qb3 32. Nd1 Rd8 33.
Qe1 Nd6 34. Nf2 Qxb2 35. Rxa6 Nc4 36. Bf4 Re8 37. Ng4 e3 38. Nxe3 Nxe3 39.
Bxe3 Bh6 40. Qd2 Qxd2 41. Bxd2 0-1

[Event "ECC"]
[Site "Halkidiki GRE"]
[Date "2002.09.22"]
[Round "1"]
[White "Jacimovic,D"]
[Black "Mehmeti,D"]
[Result "1/2-1/2"]
[WhiteElo "2469"]
[BlackElo "2302"]
[EventDate "2002.09.22"]

1. d4 c5 2. d5 Nf6 3. c4 b5 4. Nf3 g6 5. Qc2 Bg7 6. e4 bxc4 7. Bxc4 d6 8.
O-O O-O 9. h3 Nbd7 10. Rd1 Qb6 11. a4 Ba6 12. a5 Qb7 13. Na3 Rab8 14. Bxa6
Qxa6 15. Bd2 Ne8 16. Nc4 Nc7 17. Rab1 Nb5 18. Qd3 Nd4 19. Nxd4 cxd4 20. b4
Qb5 21. Re1 Rfc8 22. Rbc1 Qa4 23. f4 Rxb4 24. Nb2 Rxc1 25. Nxa4 Rxe1+ 26.
Bxe1 Rxa4 27. Qb5 Ra1 28. Qxd7 Rxe1+ 29. Kf2 Rxe4 30. Qc8+ Bf8 31. a6 f5
32. g3 Kf7 33. Qc4 Bg7 34. h4 h5 35. Qb5 Bf6 36. Qc4 Re3 37. Qc7 Re4 38.
Qc4 Kg7 39. Qb5 Kg8 40. Qb8+ Kf7 41. Qb5 Re3 42. Qb7 Ra3 43. Qxa7 Ra2+ 44.
Kf3 d3 45. Qb6 d2 46. Ke2 Bc3 47. Qb3 Ra1 48. a7 Re1+ 49. Kf3 Rf1+ 50. Ke2
Re1+ 51. Kf3 d1=Q+ 52. Qxd1 Rxd1 53. a8=Q Rd3+ 54. Kf2 Bd4+ 55. Kg2 Rd2+
56. Kh1 1/2-1/2

[Event "ECC"]
[Site "Halkidiki GRE"]
[Date "2002.09.22"]
[Round "1"]
[White "Stanojoski,Z"]
[Black "Adhami,V"]
[Result "1-0"]
[WhiteElo "2479"]
[BlackElo "2282"]
[EventDate "2002.09.22"]

1. e4 c5 2. Nc3 Nc6 3. f4 g6 4. Nf3 Bg7 5. Bc4 e6 6. O-O Nge7 7. d3 O-O 8.
Qe1 d5 9. Bb3 Nd4 10. Nxd4 cxd4 11. Nd1 dxe4 12. dxe4 e5 13. fxe5 Nc6 14.
Nf2 Qe7 15. Bf4 Be6 16. Nd3 Bxb3 17. axb3 Nxe5 18. Qg3 Rfe8 19. Bxe5 Bxe5
20. Qf2 Bg7 21. e5 Qd7 22. Rfe1 b6 23. Ra4 Rad8 24. Re4 Qc7 25. Rc4 Qe7 26.
Rcxd4 Rxd4 27. Qxd4 Rc8 28. Re2 Rd8 29. Qc4 h5 30. h3 Kh7 31. Re1 Bh6 32.
Kh1 Kg7 33. e6 Bg5 34. b4 Bh4 35. Ra1 fxe6 36. Nf4 Rd6 37. Qe4 Qf6 38.
Rxa7+ Kh6 39. Nd3 Rd4 40. Qe3+ Bg5 41. Qe2 Qf5 42. Qf3 Re4 43. Rb7 Be3 44.
Rf7 Qxf3 45. gxf3 Rd4 46. f4 Re4 47. Kg2 Bd4 48. Rd7 Bf6 49. Kf3 Rd4 50.
Rxd4 Bxd4 51. c3 Bf6 52. c4 g5 53. c5 bxc5 54. bxc5 1-0

[Event "ECC"]
[Site "Halkidiki GRE"]
[Date "2002.09.22"]
[Round "1"]
[White "Hautot,S"]
[Black "Teske,H"]
[Result "0-1"]
[WhiteElo "2273"]
[BlackElo "2529"]
[EventDate "2002.09.22"]

1. e4 c5 2. c4 Nc6 3. Nc3 g6 4. g3 Bg7 5. Bg2 a6 6. a4 d6 7. Nge2 h5 8. h3
h4 9. g4 f5 10. Nf4 fxg4 11. Nxg6 Rh6 12. Nf4 gxh3 13. Bxh3 Bxh3 14. Nxh3
Bxc3 15. dxc3 Rh8 16. Qg4 Nf6 17. Qg6+ Kd7 18. Bg5 Qg8 19. Qf5+ Qe6 20.
Qxe6+ Kxe6 21. f3 Ne5 22. Ke2 Nxc4 23. Bxh4 Rag8 24. Nf4+ Kf7 25. Nd3 Nd7
26. Bf2 Nde5 27. Nxe5+ Nxe5 28. Rxh8 Rxh8 29. Bg3 Ke6 30. Rd1 Nc6 31. Rd5
Rh3 32. Kf2 Rh1 33. f4 Rb1 34. Rd2 Na5 35. f5+ Kf7 36. e5 Nc4 37. e6+ Kf6
38. Rd5 Rf1+ 39. Ke2 Rxf5 40. Bh4+ Kxe6 41. Rxf5 Kxf5 42. Bxe7 Ke6 0-1

[Event "ECC"]
[Site "Halkidiki GRE"]
[Date "2002.09.22"]
[Round "1"]
[White "Sherwin,J"]
[Black "Kovacevic,A"]
[Result "0-1"]
[WhiteElo "2344"]
[BlackElo "2551"]
[EventDate "2002.09.22"]

1. d4 Nf6 2. c4 e6 3. Nf3 c5 4. e3 cxd4 5. exd4 Bb4+ 6. Nbd2 Be7 7. Bd3 O-O
8. O-O d5 9. b3 b6 10. Bb2 Bb7 11. Re1 Nc6 12. Rc1 Rc8 13. Qe2 dxc4 14.
bxc4 Re8 15. Red1 Bf8 16. Nf1 g6 17. Ne5 Nxe5 18. dxe5 Nd7 19. Be4 Bxe4 20.
Qxe4 Qc7 21. Ne3 Bg7 22. Ng4 h5 23. Nf6+ Bxf6 24. exf6 e5 25. Qh4 Re6 26.
Rd5 Rce8 27. f4 Nxf6 28. Bxe5 Qe7 29. Rdd1 Qc5+ 30. Bd4 Qf5 31. h3 Nd7 32.
Ba1 Re2 33. Qg3 Nf6 34. Qg5 Qxg5 35. fxg5 Ne4 36. h4 Ng3 37. Bf6 Nf5 38. c5
bxc5 39. Rc4 Ne3 40. Re4 Nxd1 0-1

[Event "ECC"]
[Site "Halkidiki GRE"]
[Date "2002.09.22"]
[Round "1"]
[White "Buckley,D"]
[Black "Lazic,Mi"]
[Result "0-1"]
[WhiteElo "2190"]
[BlackElo "2459"]
[EventDate "2002.09.22"]

1. e4 Nc6 2. d4 e5 3. dxe5 Nxe5 4. Nf3 Ng6 5. Bc4 d6 6. h4 Qe7 7. Nc3 c6 8.
Be3 Nf6 9. Qd2 Ng4 10. O-O-O Nxe3 11. Qxe3 Bg4 12. Rd2 Bxf3 13. Qxf3 Ne5
14. Qe2 g6 15. f4 Nxc4 16. Qxc4 Bg7 17. h5 Bh6 18. g3 g5 19. Qd4 O-O-O 20.
Rf2 gxf4 21. gxf4 Kb8 22. Rf3 Rhg8 23. Qf2 Rg4 24. Rg1 Rdg8 25. Rfg3 Bxf4+
26. Qxf4 Rxf4 27. Rxg8+ Kc7 28. b3 Qe5 0-1

[Event "ECC"]
[Site "Halkidiki GRE"]
[Date "2002.09.22"]
[Round "1"]
[White "Petrovic,Vo"]
[Black "Dilleigh,S"]
[Result "1/2-1/2"]
[WhiteElo "2323"]
[BlackElo "2164"]
[EventDate "2002.09.22"]

1. e4 g6 2. d4 Bg7 3. Nf3 d6 4. Bd3 Nf6 5. O-O O-O 6. h3 Nc6 7. c3 e5 8.
dxe5 dxe5 9. Qc2 Nh5 10. Re1 Nf4 11. Bf1 Qf6 12. Nbd2 Rd8 13. Kh2 h5 14. g3
Ne6 15. Bg2 Bh6 16. Nc4 Bxc1 17. Raxc1 Nc5 18. Rcd1 Be6 19. Ne3 Rxd1 20.
Rxd1 Bxa2 21. Nd5 Bxd5 22. exd5 Ne7 23. b4 Nd7 24. Qe4 Nf5 25. c4 Nd6 26.
Qe2 b6 27. c5 bxc5 28. bxc5 Nxc5 29. Nxe5 Re8 30. f4 Qd8 31. Qc2 Nd7 32.
Nxg6 fxg6 33. Qxg6+ Kf8 34. Qh6+ Kg8 35. Qg6+ 1/2-1/2

[Event "ECC"]
[Site "Halkidiki GRE"]
[Date "2002.09.22"]
[Round "1"]
[White "Atalik,S"]
[Black "Habibi,Al"]
[Result "1-0"]
[WhiteElo "2551"]
[BlackElo "2279"]
[EventDate "2002.09.22"]

1. d4 Nf6 2. c4 e6 3. Nc3 Bb4 4. Qc2 Bxc3+ 5. Qxc3 b6 6. Bg5 Bb7 7. f3 h6
8. Bh4 d5 9. cxd5 g5 10. Bf2 exd5 11. e3 c6 12. Bd3 Qe7 13. Ne2 a5 14. a3
Bc8 15. O-O O-O 16. Ng3 h5 17. Rae1 Be6 18. f4 h4 19. Nf5 Bxf5 20. Bxf5 Ne4
21. Bxe4 dxe4 22. fxg5 Qxg5 23. Rc1 Kh7 24. Be1 h3 25. Rc2 Qg6 26. Rf4 Rh8
27. d5 Kg8 28. dxc6 Na6 29. Rf6 Qg5 30. Qd4 Nc5 31. c7 Rc8 32. Qd8+ 1-0

[Event "ECC"]
[Site "Halkidiki GRE"]
[Date "2002.09.22"]
[Round "1"]
[White "Hisler,T"]
[Black "Blagojevic,D"]
[Result "1/2-1/2"]
[WhiteElo "2247"]
[BlackElo "2537"]
[EventDate "2002.09.22"]

1. e4 e5 2. f4 exf4 3. Bc4 Nf6 4. Nc3 c6 5. d4 Bb4 6. e5 Ne4 7. Kf1 Nxc3 8.
bxc3 d5 9. cxb4 dxc4 10. Bxf4 O-O 11. Nf3 Bg4 12. Kf2 f6 13. exf6 Nd7 14.
Rf1 Nxf6 15. Kg1 Nd5 16. Bc1 Qf6 17. a3 Bxf3 18. gxf3 Nc3 19. Qd2 Qxd4+ 20.
Kg2 Nb5 21. Qxd4 Nxd4 22. Rf2 Rae8 23. Bb2 Ne2 24. Rd1 Nf4+ 25. Kg3 Re6 26.
h4 Rg6+ 27. Kh2 Nd5 28. Rd4 b5 29. Re4 Kf7 30. Bd4 Ra8 31. Rfe2 Rd6 32. Bc5
Rd7 33. Re6 Rc8 34. Kg3 a6 35. R6e5 h6 36. f4 Rdd8 37. f5 g6 38. fxg6+ Kxg6
39. Re6+ Kh7 40. R2e5 Rg8+ 41. Kf3 Rc7 42. Rf5 Rg6 43. Re8 Rg8 44. Re6 Rg6
45. Re8 Rd7 46. Rff8 Nc7 47. Rh8+ Kg7 48. Reg8+ Kf6 49. Rxg6+ Kxg6 50. Be3
Rf7+ 51. Ke2 Re7 52. Kf3 Rf7+ 53. Ke2 Re7 54. Kf3 Rf7+ 55. Ke2 Ne6 56.
Rxh6+ Kf5 57. Rh8 Rd7 58. Rc8 Rh7 59. Bf2 Ke5 60. Rxc6 Nd4+ 61. Bxd4+ Kxd4
1/2-1/2

[Event "ECC"]
[Site "Halkidiki GRE"]
[Date "2002.09.22"]
[Round "1"]
[White "Varga,Zo"]
[Black "Mossong,H"]
[Result "1-0"]
[WhiteElo "2528"]
[BlackElo "2200"]
[EventDate "2002.09.22"]

1. d4 d6 2. e4 Nf6 3. f3 e5 4. d5 Be7 5. Be3 O-O 6. c4 c5 7. Nc3 Na6 8. Qd2
Nc7 9. g4 Bd7 10. Nge2 b5 11. g5 Nfe8 12. Ng3 Rb8 13. h4 bxc4 14. Bxc4 Rb4
15. b3 f6 16. Nf5 Kh8 17. O-O-O g6 18. Nxe7 Qxe7 19. h5 gxh5 20. Rxh5 fxg5
21. Bxg5 Nf6 22. Rdh1 Rf7 23. f4 Nce8 24. fxe5 Qxe5 25. Bxf6+ Qxf6 26. e5
dxe5 27. Ne4 Qf3 28. Rxh7+ Rxh7 29. Rxh7+ Kg8 30. Rxd7 1-0

[Event "ECC"]
[Site "Halkidiki GRE"]
[Date "2002.09.22"]
[Round "1"]
[White "Schartz,A"]
[Black "Kosic,D"]
[Result "0-1"]
[WhiteElo "2196"]
[BlackElo "2542"]
[EventDate "2002.09.22"]

1. e4 e6 2. d4 d5 3. Nd2 c5 4. exd5 Qxd5 5. Ngf3 cxd4 6. Bc4 Qd8 7. O-O a6
8. Nb3 Qc7 9. Bd3 Bd6 10. Nbxd4 Ne7 11. h3 Nbc6 12. Nxc6 Nxc6 13. c3 h6 14.
Bc2 Bd7 15. Be3 O-O-O 16. Qe2 f5 17. Rfd1 e5 18. b4 e4 19. Nd4 Rhe8 20. a4
f4 21. b5 fxe3 22. bxc6 exf2+ 23. Qxf2 Bxc6 24. Nxc6 Qxc6 25. Qf5+ Kb8 26.
Re1 Re5 27. Qh7 Qxc3 28. Bxe4 Qd4+ 29. Kh1 Rde8 30. Red1 Rxe4 0-1